Código de enjuiciamientos en materia civil con notas y concordancias

Uloženo v:
Podrobná bibliografie
Hlavní autoři: Fuentes, M. A (Autor), La Lama, M. A. de (Autor)
Médium: Kniha
Jazyk:španělština
Vydáno: Lima Imprenta del Estado 1870
Témata:
Tagy: Přidat tag
Žádné tagy, Buďte první, kdo vytvoří štítek k tomuto záznamu!

MARC

LEADER 00000nam a2200000 a 4500
001 UCS0763
003 CL-VaPUC
008 970426e18700000PE |||||||||||||||||spa|d
082 0 4 |a 347.07  |b FUE  |2 21 
100 0 |a Fuentes, M. A  |e author  |9 384621 
700 0 |a La Lama, M. A. de  |e author  |9 384622 
245 1 0 |a Código de enjuiciamientos en materia civil con notas y concordancias 
300 |a 476 p 
942 |c BK 
945 |d 19970426 00:00:00  |a lriquelm 
260 |a Lima  |b Imprenta del Estado  |c 1870 
650 0 |a Códigos  |9 352314 
650 7 |a JUICIO JURIDICO  |2 CL-VaPUC  |9 384623 
650 0 |a Procedimiento civil  |9 254870 
651 0 |a Perú  |9 256567 
583 |a last modification  |c 19970426 00:00:00  |k Rodrigo Vera 
999 |c 258978  |d 258976 
952 |0 0  |1 0  |4 0  |6 347_070000000000000_FUE_1870  |7 0  |8 X  |9 283429  |a BIBDER  |b BIBDER  |d 2019-11-19  |i 1835998  |o 347.07 FUE 1870  |p 1835998  |r 2023-01-25  |w 2019-11-19  |y BK_X  |k DER